000 00820nam a2200253Ia 4500
003 OSt
005 20220928125048.0
006 a|||||r|||| 00| 0
007 ta
008 220927b |||||||| |||| 00| 0 eng d
020 _cEURO 49.99
024 _a134665
037 _b16, 21/02/2017, Excel Book International
_cTextual
040 _aSDCL
_cSDCL
_beng
041 _2eng
_aeng
082 _aV2:6:(B)'P, Q6
100 _aVani Vani Kant
_9467861
245 0 _aVotes, parties and seats
_b A quantitative analysis of Indian parliamentary elections, 1962-2014
260 _aSwitzerland
_bSpringer
_c2016
300 _axvii,160p.
_ccm.
650 _aPolitical Science
942 _hV2:6:(B)'P, Q6
_cTEXL
_2CC
999 _c780757
_d780757